| 000 -LEADER |
| fixed length control field |
00584nam a2200229 a 4500 |
| 001 - CONTROL NUMBER |
| control field |
2390561 |
| 005 - DATE AND TIME OF LATEST TRANSACTION |
| control field |
20171220080037.0 |
| 008 - FIXED-LENGTH DATA ELEMENTS--GENERAL INFORMATION |
| fixed length control field |
850716s1984 enka bs 001 0 eng |
| 010 ## - LIBRARY OF CONGRESS CONTROL NUMBER |
| LC control number |
85116961 |
| 020 ## - INTERNATIONAL STANDARD BOOK NUMBER |
| International Standard Book Number |
0859584429 (pbk.) : |
| Terms of availability |
£7.50 |
| 040 ## - CATALOGING SOURCE |
| Original cataloging agency |
DLC |
| Transcribing agency |
DLC |
| Modifying agency |
DLC |
| 041 ## - LANGUAGE CODE |
| Language code of text/sound track or separate title |
eng |
| 043 ## - GEOGRAPHIC AREA CODE |
| Geographic area code |
e-uk--- |
| 080 ## - UNIVERSAL DECIMAL CLASSIFICATION NUMBER |
| Universal Decimal Classification number |
338.542 BOO |
| 082 00 - DEWEY DECIMAL CLASSIFICATION NUMBER |
| Classification number |
338.542 BOO |
| Edition number |
19 |
| 100 1# - Rafti |
| Rafti |
17 |
| 101 ## - Shkurtesa |
| Shkurtesa |
HIS |
| 245 14 - TITLE STATEMENT |
| Title |
The commercial crisis of 1847 / |
| Statement of responsibility, etc |
H.M. Boot. |
| 504 ## - BIBLIOGRAPHY, ETC. NOTE |
| Bibliography, etc |
Bibliography: p. 95-99. |
| 906 ## - LOCAL DATA ELEMENT F, LDF (RLIN) |
| a |
7 |
| b |
cbc |
| c |
orignew |
| d |
3 |
| e |
ncip |
| f |
19 |
| g |
y-gencatlg |
| 942 ## - ADDED ENTRY ELEMENTS (KOHA) |
| Source of classification or shelving scheme |
|
| Item type |
Books |